পৃ /

Bibliographic Details
Main Author: ইকবাল, মুহম্মদ জাফর
Format: Book
Language:Bengali
Published: ঢাকা : সময় প্রকাশন, ১৯৯৭ [সপ্তম মুদ্রণ ২০০০].
Subjects:
Classic Catalogue: View this record in Classic Catalogue
LEADER 01283nam a22002777a 4500
001 44486
003 BD-DhAAL
005 20250722102840.0
008 250722r20001997bg ||||| |||| 00| 0 ben d
020 |a 9844581176 
020 |a 9789844581173 
040 |a BD-DhAAL  |c BD-DhAAL 
041 |a ben 
082 |a 891.44372  |2 23 
100 |a ইকবাল, মুহম্মদ জাফর. 
245 |a পৃ /  |c মুহম্মদ জাফর ইকবাল. 
246 |a Pre (a science fiction) 
260 |a ঢাকা :  |b সময় প্রকাশন,  |c ১৯৯৭ [সপ্তম মুদ্রণ ২০০০]. 
300 |a ৭৯ পৃষ্ঠা ;  |c ২২ সে.মি. 
541 |a Donated by Farhana Zahir, Assistant Professor, BRAC Business School  |e 44486 
650 |a Science fiction, Bengali.  |9 58796 
650 |a Bengali literature. 
852 |a Ayesha Abed Library  |c General Stacks 
942 |2 ddc  |c BK 
999 |c 47332  |d 47332 
952 |0 0  |1 0  |2 ddc  |4 0  |6 891_443720000000000_IQB  |7 0  |9 77879  |a BRACUL  |b BRACUL  |c GEN  |d 2025-07-22  |e Donated by Farhana Zahir, Assistant Professor, BRAC Business School  |g 50.00  |l 3  |m 6  |o 891.44372 IQB  |p 3010044486  |r 2026-04-22  |s 2026-04-07  |t 1  |v 100.00  |w 2025-07-22  |y BK  |x Donated by Farhana Zahir, Assistant Professor, BRAC Business School